Toward paperless information systems
Salvato in:
| Natura: | Libro |
|---|---|
| Lingua: | inglese |
| Pubblicazione: |
New York
Academic Press
1978
|
| Tags: |
Nessun Tag, puoi essere il primo ad aggiungerne!!
|
MARC
| LEADER | 00000nam a2200000 4500 | ||
|---|---|---|---|
| 001 | c136622 | ||
| 005 | 20041019155307.7 | ||
| 041 | 0 | |a eng | |
| 044 | |a US | ||
| 245 | 1 | 0 | |a Toward paperless information systems |
| 264 | 1 | |a New York |b Academic Press |c 1978 | |
| 300 | |a 179 s. | ||